000 00537nam a2200205Ia 4500
005 20250505124931.0
008 008 250505s9999 xx 000 0 eng d
037 _aTextbook
040 _aLCO
_beng
_cLCO
041 _aeng
_2eng
084 _aV2.2 R2
_qLCO
100 _aColley ,Linda
_9753990
245 4 _aThe gun the ship and the pen
_c Linda Colley
260 _aManipal
_bProfile India
_c2022
300 _a502
365 _aINR
_b999
650 _aLaw
942 _cTB
_hV2.2 R2
999 _c1310740
_d1310740